Tilastot visalle Euroopan 10 pohjoisinta valtiota

Klikkaa tästä pelataksesi tätä visaa!

Yleistilastot

  • Tätä visaa on pelattu 422 kertaa
  • Keskiarvotulos 10 / 10

Vastaustilastot

LeveyspiiriValtio% Oikein
70°05' NSuomi
100%
81°51 'NVenäjä
99%
80°49' NNorja
99%
69°04' NRuotsi
99%
59°48' NViro
99%
67°08' NIslanti
98%
58°05' NLatvia
98%
57°45' NTanska
97%
56°27' NLiettua
97%
60°51' NYhdistynyt kuningaskunta
88%

Tulosjakauma

Persentiili vastausten määrän mukaan

Jokaisen tuloksen saaneiden osuus

Tuloshistoriasi

Et ole pelannut tätä visaa